Applied mathematics
Saved in:
| Main Author: | |
|---|---|
| Format: | Book |
| Language: | English |
| Published: |
CBS Publishers
2016
|
| Tags: |
Add Tag
No Tags, Be the first to tag this record!
|
MARC
| LEADER | 00000nam a22000007a 4500 | ||
|---|---|---|---|
| 008 | 240110b |||||||| |||| 00| 0 eng d | ||
| 020 | |a 9788123928043 | ||
| 100 | |a DASS, H.K. | ||
| 245 | |a Applied mathematics |c /H.K. Dass |g xxviii, 11129p;ill, | ||
| 250 | |b 11th | ||
| 260 | |b CBS Publishers |c 2016 |h New Delhi |i 699665 |i 699666 |l QA39.D26 |m Applied mathematics |m Engineering mathematics |m Instruction |m Learning. |m Mathematics--Study and teaching . | ||
| 942 | |a lcc |c BK |e Johnson |f 10/01/24 | ||
| 952 | |0 0 |1 0 |2 lcc |4 0 |6 QA0039 D26 |7 0 |9 4764 |a SL |b HOL |c QZ |d 2024-01-10 |l 0 |o QA39.D26 |p 2024-0018 |r 2024-01-10 00:00:00 |t 699665 |w 2024-01-10 |y BK | ||
| 952 | |0 0 |1 0 |2 lcc |4 0 |6 QA0039 D26 |7 0 |9 4765 |a HOL |b HOL |c QZ |d 2024-01-10 |l 0 |o QA39.D26 |p 2024-0019 |r 2024-01-10 00:00:00 |t 699666 |w 2024-01-10 |y BK | ||
| 999 | |c 2387 |d 2387 | ||